[Event "1st FIDE OWCCCC Pools-East 2021"]
[Site "Online"]
[Date "2021.02.19"]
[Round "3.70"]
[White "Kucherov, Pavel"]
[Black "Laczo, Tibor"]
[Result "0-1"]
[WhiteElo "1695"]
[BlackElo "1550"]
[Annotator "NA RC"]
[PlyCount "34"]
[EventDate "2021.02.19"]
[EventType "team-tourn"]
[EventCountry "NET"]
[SourceTitle "playchess.com"]
[Source "ChessBase"]
[SourceQuality "1"]

1. e4 c6 2. d4 d5 3. exd5 cxd5 4. c4 e6 5. cxd5 exd5 6. Nc3 Nf6 7. Nf3 Bb4 8. Qa4+ Nc6 9. Bb5 Bxc3+ 10. bxc3 Qc7 11. Ba3 Be6 12. Ne5 Rc8 13. Qxa7 Ne4 14. Bb4 f6 15. Nxc6 bxc6 16. Qxc7 Rxc7 17. Bd3 Kf7 0-1

[Event "1st FIDE OWCCCC Pools-East 2021"]
[Site "Online"]
[Date "2021.02.19"]
[Round "3.70"]
[White "Koskinen, Timo"]
[Black "Corblin, Regis"]
[Result "1/2-1/2"]
[WhiteElo "1653"]
[BlackElo "1470"]
[Annotator "NA RC"]
[PlyCount "100"]
[EventDate "2021.02.19"]
[EventType "team-tourn"]
[EventCountry "NET"]
[SourceTitle "playchess.com"]
[Source "ChessBase"]
[SourceQuality "1"]

1. d4 Nf6 2. Nf3 d5 3. e3 a6 4. c4 c6 5. Nc3 g6 6. Be2 Bg7 7. O-O O-O 8. Qc2 Nbd7 9. b3 Re8 10. cxd5 cxd5 11. Bb2 Nb6 12. Ne5 Nfd7 13. Nd3 e5 14. dxe5 Nxe5 15. Nxe5 Bxe5 16. Bf3 Bf5 17. Qd2 Be6 18. Ne2 Qd6 19. Bxe5 Qxe5 20. Nd4 Rad8 21. Rac1 Rd7 22. Rc3 Red8 23. Rfc1 Kf8 24. g3 Kg8 25. Bg2 Kf8 26. Qc2 Ke8 27. Rc7 Rxc7 28. Qxc7 Qxc7 29. Rxc7 Rd7 30. Rxd7 Bxd7 31. b4 Ke7 32. Bf1 Nc4 33. Bxc4 dxc4 34. Kf1 Kd6 35. Ke2 b5 36. Kf3 Ke5 37. Ke2 h6 38. Nf3+ Ke4 39. Nd2+ Ke5 40. f3 Be6 41. a3 f5 42. f4+ Kd6 43. Nf3 g5 44. Nd4 Bc8 45. Kd2 g4 46. Ke2 Bd7 47. Nc2 Kd5 48. Nd4 Kd6 49. Kd2 Kd5 50. Ke2 Kd6 1/2-1/2

[Event "1st FIDE OWCCCC Pools-East 2021"]
[Site "Online"]
[Date "2021.02.19"]
[Round "3.70"]
[White "Califano, Tommaso"]
[Black "Rosicki, Lukasz"]
[Result "1-0"]
[WhiteElo "1469"]
[BlackElo "1542"]
[Annotator "NA RC"]
[PlyCount "49"]
[EventDate "2021.02.19"]
[EventType "team-tourn"]
[EventCountry "NET"]
[SourceTitle "playchess.com"]
[Source "ChessBase"]
[SourceQuality "1"]

1. e4 e5 2. Nf3 Nf6 3. Nc3 Nc6 4. Bc4 Bc5 5. O-O O-O 6. Ne2 d6 7. d3 h6 8. Ng3 Be6 9. Bxe6 fxe6 10. h3 a6 11. Nh2 d5 12. exd5 exd5 13. Kh1 Qd7 14. a3 Rf7 15. f4 exf4 16. Rxf4 Bd6 17. Rf3 Ne5 18. Rf1 Raf8 19. Bf4 Ng6 20. Bxd6 Qxd6 21. Nf5 Qb6 22. b3 Nd7 23. Qh5 Nf6 24. Qxg6 Nd7 25. Nxh6+ 1-0

[Event "1st FIDE OWCCCC Pools-East 2021"]
[Site "Online"]
[Date "2021.02.19"]
[Round "3.70"]
[White "Lamarre, Sophie"]
[Black "Anandarayanan, Paddy"]
[Result "0-1"]
[WhiteElo "1239"]
[BlackElo "1682"]
[Annotator "NA RC"]
[PlyCount "26"]
[EventDate "2021.02.19"]
[EventType "team-tourn"]
[EventCountry "NET"]
[SourceTitle "playchess.com"]
[Source "ChessBase"]
[SourceQuality "1"]

1. Nf3 d5 2. d3 c5 3. g3 e6 4. Bh3 Nc6 5. a4 Nf6 6. b3 e5 7. Ra3 Bxh3 8. e4 dxe4 9. dxe4 Qxd1+ 10. Kxd1 Bg2 11. Rg1 Bxf3+ 12. Ke1 O-O-O 13. Bg5 Rd1# 0-1

[Event "1st FIDE OWCCCC Pools-East 2021"]
[Site "Online"]
[Date "2021.02.19"]
[Round "3.70"]
[White "Chojnowska, Justyna"]
[Black "Abboud, Eddy"]
[Result "0-1"]
[WhiteElo "1233"]
[BlackElo "1584"]
[Annotator "NA RC"]
[PlyCount "80"]
[EventDate "2021.02.19"]
[EventType "team-tourn"]
[EventCountry "NET"]
[SourceTitle "playchess.com"]
[Source "ChessBase"]
[SourceQuality "1"]

1. e4 e6 2. Nf3 c5 3. Bc4 Nc6 4. O-O a6 5. d3 b5 6. Bb3 Na5 7. c3 Nxb3 8. axb3 Nf6 9. Bg5 Be7 10. c4 b4 11. Nbd2 h6 12. Bxf6 Bxf6 13. Ra5 d6 14. Ra2 O-O 15. h3 Bb7 16. Nh2 Re8 17. Ndf3 d5 18. cxd5 exd5 19. exd5 Bxd5 20. Re1 Rxe1+ 21. Qxe1 Bxb3 22. Ra1 Bxb2 23. Rb1 Bc3 24. Qe4 Bc2 25. Rc1 Bxd3 26. Qf4 a5 27. Ne5 Bxe5 28. Qxe5 c4 29. Ng4 Qg5 30. Qxg5 hxg5 31. Ne5 Rd8 32. Ra1 b3 33. Rxa5 b2 34. Nxd3 Rxd3 35. Ra8+ Kh7 36. Ra7 Rd1+ 37. Kh2 b1=Q 38. Rxf7 Qb8+ 39. g3 Qa8 40. Rf5 Qh1# 0-1

[Event "1st FIDE OWCCCC Pools-East 2021"]
[Site "Online"]
[Date "2021.02.19"]
[Round "3.71"]
[White "Adamczyk, Zuzanna"]
[Black "Sasso, Giulio"]
[Result "1-0"]
[WhiteElo "1907"]
[BlackElo "1314"]
[Annotator "TA"]
[PlyCount "71"]
[EventDate "2021.02.19"]
[EventType "team-tourn"]
[EventCountry "NET"]
[SourceTitle "playchess.com"]
[Source "ChessBase"]
[SourceQuality "1"]

1. d4 d5 2. c4 dxc4 3. e4 Nf6 4. e5 Nd5 5. Bxc4 Bf5 6. Nf3 Nc6 7. O-O e6 8. Nc3 Bb4 9. Bg5 Nce7 10. Qa4+ Qd7 11. Qxd7+ Kxd7 12. Nxd5 Nxd5 13. a3 Be7 14. Bd2 Rad8 15. Rac1 Kc8 16. Ba5 b6 17. Ba6+ Kb8 18. Bd2 f6 19. b4 Be4 20. exf6 Bxf6 21. Ne5 Bxe5 22. dxe5 Ne7 23. Bg5 Rd5 24. Bxe7 Rxe5 25. Rfe1 Re8 26. Bh4 Rf8 27. Bg3 Rd5 28. Rxe4 Rd7 29. Rxe6 Rfd8 30. h3 Rd1+ 31. Rxd1 Rxd1+ 32. Kh2 Rd8 33. Re7 Rf8 34. Rxc7 Ka8 35. Bb7+ Kb8 36. Rf7# 1-0

[Event "1st FIDE OWCCCC Pools-East 2021"]
[Site "Online"]
[Date "2021.02.19"]
[Round "3.71"]
[White "GB_Chess_"]
[Black "Gomes De Moura, Pedro Vinicius"]
[Result "1-0"]
[WhiteElo "1780"]
[BlackElo "2018"]
[Annotator "TA"]
[PlyCount "77"]
[EventDate "2021.02.19"]
[EventType "team-tourn"]
[EventCountry "NET"]
[SourceTitle "playchess.com"]
[Source "ChessBase"]
[SourceQuality "1"]

1. e4 e5 2. Nf3 Nc6 3. Bc4 Bc5 4. O-O d6 5. a4 Nf6 6. d3 h6 7. c3 a6 8. h3 O-O 9. b4 Ba7 10. Be3 Bd7 11. b5 Na5 12. bxa6 bxa6 13. Ba2 Bxe3 14. fxe3 c5 15. Nbd2 Nc6 16. Nc4 Be6 17. Qe1 Rb8 18. Nh4 d5 19. exd5 Nxd5 20. e4 Nf4 21. Qg3 Ne2+ 22. Kh2 Nxg3 23. Kxg3 Qg5+ 24. Kh2 Qxh4 25. Rf3 f5 26. exf5 Rxf5 27. Rg3 Kh7 28. Nd6 Rg5 29. Rxg5 Qxg5 30. Bxe6 Rb2 31. Bf5+ g6 32. Be4 Ne7 33. Rf1 Nf5 34. Nxf5 gxf5 35. Rxf5 Qxg2+ 36. Bxg2 Rc2 37. c4 Rd2 38. Rxe5 Rxd3 39. Be4+ 1-0

[Event "1st FIDE OWCCCC Pools-East 2021"]
[Site "Online"]
[Date "2021.02.19"]
[Round "3.71"]
[White "Shrivastava, Amitesh"]
[Black "Garcia Ortega, Manuel"]
[Result "0-1"]
[WhiteElo "1404"]
[BlackElo "1719"]
[Annotator "NA RC"]
[PlyCount "106"]
[EventDate "2021.02.19"]
[EventType "team-tourn"]
[EventCountry "NET"]
[SourceTitle "playchess.com"]
[Source "ChessBase"]
[SourceQuality "1"]

1. e4 c5 2. Nf3 Nc6 3. d4 cxd4 4. Nxd4 e5 5. Nf3 Nf6 6. a3 Be7 7. Nc3 O-O 8. Bc4 a6 9. h3 b5 10. Bb3 Bb7 11. Bg5 Na5 12. Nxe5 Nxb3 13. cxb3 Nxe4 14. Nxd7 Nxc3 15. bxc3 Bxg5 16. Nxf8 Qe7+ 17. Qe2 Qxe2+ 18. Kxe2 Kxf8 19. f3 Bf6 20. Rac1 Rc8 21. Rhd1 Rxc3 22. Rxc3 Bxc3 23. Rd7 b4 24. axb4 Bc6 25. Rd8+ Ke7 26. Rb8 Bb5+ 27. Kf2 Bxb4 28. Rh8 h6 29. Rg8 Kf6 30. Kg3 g6 31. Kg4 Bf1 32. Kg3 Bd6+ 33. Kf2 Bb5 34. Rd8 Be7 35. Rh8 h5 36. Rc8 a5 37. Rb8 Bd7 38. Rb6+ Be6 39. Kf1 Bb4 40. Ke2 Kg7 41. Kd3 Bxb3 42. g4 hxg4 43. hxg4 Bd1 44. Rxb4 axb4 45. f4 Bxg4 46. Kc4 Kf6 47. Kxb4 Kf5 48. Kc3 Kxf4 49. Kd2 Kf3 50. Ke1 Bh3 51. Kd1 g5 52. Ke1 g4 53. Kd2 g3 0-1

[Event "1st FIDE OWCCCC Pools-East 2021"]
[Site "Online"]
[Date "2021.02.19"]
[Round "3.71"]
[White "hazeltree-firsova"]
[Black "Zhuravlev, Ilya"]
[Result "0-1"]
[WhiteElo "787"]
[BlackElo "1142"]
[Annotator "NA RC"]
[PlyCount "76"]
[EventDate "2021.02.19"]
[EventType "team-tourn"]
[EventCountry "NET"]
[SourceTitle "playchess.com"]
[Source "ChessBase"]
[SourceQuality "1"]

1. e4 c6 2. Na3 d5 3. f3 Nf6 4. d3 g6 5. Qe2 Bg7 6. Nh3 O-O 7. Qf2 e5 8. Bd2 a5 9. Rd1 b5 10. exd5 cxd5 11. c4 bxc4 12. dxc4 d4 13. g4 Re8 14. Bg2 Ra7 15. f4 exf4+ 16. Kf1 Nxg4 17. Qxf4 Nf6 18. Qxb8 Rae7 19. Nb5 h6 20. Nf4 Rb7 21. Qa8 Rd7 22. Bxa5 Qe7 23. Nd3 Qe2+ 24. Kg1 Qxd1+ 25. Ne1 d3 26. Bf3 Rxe1+ 27. Bxe1 Qxe1+ 28. Kg2 Qe8 29. Rd1 d2 30. Nc3 g5 31. Qa5 Bb7 32. b4 Bxf3+ 33. Kxf3 Rd3+ 34. Kf2 Ng4+ 35. Kg2 Qc6+ 36. Kf1 Qf3+ 37. Kg1 Qf2+ 38. Kh1 Qxh2# 0-1

[Event "1st FIDE OWCCCC Pools-East 2021"]
[Site "Online"]
[Date "2021.02.19"]
[Round "3.71"]
[White "Al Shuhaimi, Suad"]
[Black "Zimniak, Adam"]
[Result "0-1"]
[WhiteElo "160"]
[BlackElo "1144"]
[Annotator "NA RC"]
[PlyCount "40"]
[EventDate "2021.02.19"]
[EventType "team-tourn"]
[EventCountry "NET"]
[SourceTitle "playchess.com"]
[Source "ChessBase"]
[SourceQuality "1"]

1. e4 e5 2. Nf3 Nc6 3. d4 exd4 4. Bc4 Nf6 5. Qd2 Bb4 6. b3 Bxd2+ 7. Kxd2 Nxe4+ 8. Ke2 O-O 9. Na3 Re8 10. Bb2 Ng3+ 11. Kd1 Nxh1 12. Nb5 Nxf2+ 13. Kd2 d5 14. Re1 Rxe1 15. Kxe1 dxc4 16. bxc4 Ne4 17. a4 Qe7 18. h4 Nc3+ 19. Kd2 Qe2+ 20. Kc1 Qd1# 0-1

[Event "1st FIDE OWCCCC Pools-East 2021"]
[Site "Online"]
[Date "2021.02.19"]
[Round "3.72"]
[White "Noah, A .H. Al-Ali"]
[Black "Attili, Manikya Kumar"]
[Result "0-1"]
[WhiteElo "2247"]
[BlackElo "1570"]
[Annotator "RC"]
[PlyCount "88"]
[EventDate "2021.02.19"]
[EventType "team-tourn"]
[EventCountry "NET"]
[SourceTitle "playchess.com"]
[Source "ChessBase"]
[SourceQuality "1"]

1. e4 c5 2. Nf3 Nc6 3. Bb5 d6 4. d4 cxd4 5. Nxd4 Bd7 6. Nc3 Nf6 7. O-O g6 8. a3 Bg7 9. Bg5 O-O 10. Qd2 a6 11. Ba4 b5 12. Bb3 Qc7 13. Bd5 Rac8 14. Rae1 e6 15. Bxc6 Bxc6 16. Bxf6 Bxf6 17. Nf3 e5 18. Qh6 Bg7 19. Qh3 Bd7 20. Qh4 h6 21. Nd5 Qd8 22. Qxd8 Rcxd8 23. Nc7 Rc8 24. Nxa6 Rxc2 25. Rd1 Bg4 26. Nb4 Rxb2 27. Rxd6 Bxf3 28. gxf3 h5 29. Rb6 h4 30. h3 Kh7 31. Rxb5 f5 32. exf5 Rxf5 33. Rb7 Rg5+ 34. Kh1 Rf5 35. Nd3 Rxb7 36. f4 exf4 37. a4 f3 38. Re1 Bc3 39. Re3 Rb1+ 40. Kh2 Rg5 41. Nf4 Bd2 42. Re7+ Kh6 43. Rf7 Bxf4+ 44. Rxf4 Rg2# 0-1

[Event "1st FIDE OWCCCC Pools-East 2021"]
[Site "Online"]
[Date "2021.02.19"]
[Round "3.72"]
[White "Lautenbach, Julia"]
[Black "Sartenaer, Laura"]
[Result "1-0"]
[WhiteElo "1336"]
[BlackElo "1177"]
[Annotator "NA RC"]
[PlyCount "141"]
[EventDate "2021.02.19"]
[EventType "team-tourn"]
[EventCountry "NET"]
[SourceTitle "playchess.com"]
[Source "ChessBase"]
[SourceQuality "1"]

1. e4 c5 2. Nf3 d6 3. Bc4 Nc6 4. c3 e5 5. d4 Nf6 6. d5 Ne7 7. Nbd2 Bg4 8. h3 Bh5 9. O-O Qb6 10. Qa4+ Nd7 11. Bb5 O-O-O 12. Nc4 Qc7 13. Qxa7 b6 14. Qxc7+ Kxc7 15. Nh4 Ng6 16. Nf5 Nf6 17. Be3 Nxe4 18. f3 Nf6 19. b4 Nf4 20. Rfd1 Bg6 21. Ng3 h5 22. a4 h4 23. Nf1 Ne2+ 24. Kh2 Nxc3 25. Rd2 Ncxd5 26. a5 Ra8 27. Rda2 bxa5 28. bxc5 dxc5 29. Nxa5 Kb6 30. Bc6 Rc8 31. Bxd5 Nxd5 32. Nc4+ Kc6 33. Rb2 f6 34. Ra5 Bd6 35. Ra6+ Kd7 36. Rxd6+ Ke7 37. Rxd5 Bf7 38. Rb7+ Ke8 39. Nd6+ Kf8 40. Rxf7+ Kg8 41. Nxc8 Kxf7 42. Bxc5 Rxc8 43. Ne3 Ke6 44. g3 hxg3+ 45. Kxg3 g5 46. Kg4 Rc6 47. Bb4 f5+ 48. Kxg5 f4 49. Rc5 Rd6 50. Rxe5+ Kxe5 51. Bxd6+ Ke6 52. Bxf4 Kf7 53. Kh6 Kf6 54. h4 Kf7 55. Kh7 Kf6 56. h5 Kf7 57. Be5 Kf8 58. h6 Kf7 59. Nf5 Ke6 60. Kg7 Kxe5 61. h7 Kxf5 62. h8=Q Kf4 63. Qh6+ Kxf3 64. Qh4 Ke3 65. Kf6 Kd2 66. Ke5 Ke2 67. Qg3 Kd2 68. Kd4 Kd1 69. Qg2 Kc1 70. Kc3 Kd1 71. Qd2# 1-0

[Event "1st FIDE OWCCCC Pools-East 2021"]
[Site "Online"]
[Date "2021.02.19"]
[Round "3.72"]
[White "Manca, Maria Chiara"]
[Black "Hudziec, Patryk"]
[Result "1-0"]
[WhiteElo "1267"]
[BlackElo "738"]
[Annotator "NA RC"]
[PlyCount "21"]
[EventDate "2021.02.19"]
[EventType "team-tourn"]
[EventCountry "NET"]
[SourceTitle "playchess.com"]
[Source "ChessBase"]
[SourceQuality "1"]

1. e4 e5 2. Nf3 Nc6 3. Bc4 h5 4. c3 Qh4 5. Nxh4 Nf6 6. d3 g5 7. Nf5 a5 8. Bxg5 Rg8 9. Bxf6 Rxg2 10. Qxh5 Rg8 11. Qxf7# 1-0

[Event "1st FIDE OWCCCC Pools-East 2021"]
[Site "Online"]
[Date "2021.02.19"]
[Round "3.72"]
[White "Ismailov, Aybek"]
[Black "Qarout, Ahmad"]
[Result "0-1"]
[WhiteElo "599"]
[BlackElo "685"]
[Annotator "NA RC"]
[PlyCount "34"]
[EventDate "2021.02.19"]
[EventType "team-tourn"]
[EventCountry "NET"]
[SourceTitle "playchess.com"]
[Source "ChessBase"]
[SourceQuality "1"]

1. d4 d5 2. e3 Nc6 3. f4 Nf6 4. h3 e5 5. fxe5 Ne4 6. c3 Ng3 7. Rh2 Qg5 8. Nf3 Qf5 9. Nh4 Qxf1+ 10. Kd2 Ne4+ 11. Kc2 Qf2+ 12. Nd2 Qxh4 13. Nf3 Qf2+ 14. Kb1 Bf5 15. Ng1 Nc5+ 16. e4 Bxe4+ 17. Qd3 Bxd3# 0-1

[Event "1st FIDE OWCCCC Pools-East 2021"]
[Site "Online"]
[Date "2021.02.19"]
[Round "3.73"]
[White "Jani, Janak"]
[Black "Venkat, Rahul"]
[Result "1-0"]
[WhiteElo "1527"]
[BlackElo "1372"]
[Annotator "NA RC"]
[PlyCount "53"]
[EventDate "2021.02.19"]
[EventType "team-tourn"]
[EventCountry "NET"]
[SourceTitle "playchess.com"]
[Source "ChessBase"]
[SourceQuality "1"]

1. d4 d5 2. c4 e5 3. dxe5 d4 4. Nf3 Nc6 5. e3 Bb4+ 6. Bd2 dxe3 7. Bxb4 exf2+ 8. Ke2 Qxd1+ 9. Kxd1 Nxb4 10. h3 Bf5 11. Nc3 Ne7 12. a3 Nc2 13. Rc1 Ne3+ 14. Ke2 Nxc4 15. Kxf2 Nxb2 16. Nb5 O-O 17. Rxc7 Rfe8 18. Rxb7 a6 19. Nc7 Rec8 20. Nxa8 Rxa8 21. Rxe7 a5 22. Be2 Kf8 23. Rb7 Na4 24. Rc1 Be6 25. Nd4 Rc8 26. Nxe6+ fxe6 27. Rxc8# 1-0

[Event "1st FIDE OWCCCC Pools-East 2021"]
[Site "Online"]
[Date "2021.02.19"]
[Round "3.73"]
[White "Gayet, Ludovic"]
[Black "Girya, Olga"]
[Result "0-1"]
[WhiteElo "1485"]
[BlackElo "2432"]
[Annotator "TA"]
[PlyCount "48"]
[EventDate "2021.02.19"]
[EventType "team-tourn"]
[EventCountry "NET"]
[SourceTitle "playchess.com"]
[Source "ChessBase"]
[SourceQuality "1"]

1. e4 c6 2. d4 d5 3. e5 Bf5 4. h4 h5 5. Be3 e6 6. Nf3 Nh6 7. Be2 Bg4 8. Nbd2 Nf5 9. Bf4 Nd7 10. Nh2 Bxe2 11. Qxe2 Nxd4 12. Qd3 Nf5 13. g4 hxg4 14. Nxg4 Rxh4 15. Rxh4 Qxh4 16. Qf3 Nd4 17. Qd3 Qxg4 18. Qxd4 Bc5 19. Qa4 Nb6 20. f3 Qg1+ 21. Nf1 Qf2+ 22. Kd1 Qxf1+ 23. Kd2 Qf2+ 24. Kc1 Qe1# 0-1

[Event "1st FIDE OWCCCC Pools-East 2021"]
[Site "Online"]
[Date "2021.02.19"]
[Round "3.73"]
[White "Le Saux, JC."]
[Black "Garcia Feore, Daniel James"]
[Result "1-0"]
[WhiteElo "1388"]
[BlackElo "1747"]
[Annotator "NA RC"]
[PlyCount "79"]
[EventDate "2021.02.19"]
[EventType "team-tourn"]
[EventCountry "NET"]
[SourceTitle "playchess.com"]
[Source "ChessBase"]
[SourceQuality "1"]

1. e4 e5 2. Nf3 Nc6 3. d4 exd4 4. Nxd4 Bc5 5. Be3 Nxd4 6. Bxd4 Bxd4 7. Qxd4 Qf6 8. e5 Qb6 9. Qc3 f6 10. Nd2 fxe5 11. Qxe5+ Qe6 12. Qxe6+ dxe6 13. O-O-O Nf6 14. f3 a5 15. Ne4 Nxe4 16. fxe4 e5 17. Rd5 Rf8 18. Rxe5+ Kd7 19. Rd5+ Ke6 20. Bc4 Ke7 21. Re5+ Kd8 22. Rd1+ Bd7 23. Be6 Re8 24. Rxd7+ Kc8 25. Re7+ Kd8 26. Rxg7 Rf8 27. Rd7+ Kc8 28. Rf7+ Kb8 29. Rxf8+ Ka7 30. Rxa8+ Kxa8 31. Rh5 b5 32. Rxh7 c5 33. g4 c4 34. g5 b4 35. g6 c3 36. bxc3 b3 37. cxb3 a4 38. bxa4 Kb8 39. g7 Ka8 40. g8=Q# 1-0

[Event "1st FIDE OWCCCC Pools-East 2021"]
[Site "Online"]
[Date "2021.02.19"]
[Round "3.73"]
[White "Zaa, Jose"]
[Black "deep_"]
[Result "0-1"]
[WhiteElo "743"]
[BlackElo "1689"]
[Annotator "NA RC"]
[PlyCount "112"]
[EventDate "2021.02.19"]
[EventType "team-tourn"]
[EventCountry "NET"]
[SourceTitle "playchess.com"]
[Source "ChessBase"]
[SourceQuality "1"]

1. e4 c5 2. Nf3 d6 3. Bc4 e6 4. d3 a6 5. Bf4 b5 6. Nc3 bxc4 7. dxc4 Nf6 8. Qd2 Be7 9. O-O-O O-O 10. Ng5 h6 11. e5 dxe5 12. Qxd8 Rxd8 13. Rxd8+ Bxd8 14. Rd1 Nc6 15. Be3 Be7 16. Nge4 Nxe4 17. Nxe4 Nd4 18. Bxd4 exd4 19. c3 e5 20. cxd4 exd4 21. g3 Bb7 22. Nd2 Bc6 23. Re1 Bf6 24. f4 Rb8 25. b3 a5 26. f5 a4 27. h4 axb3 28. axb3 Ra8 29. Kb2 d3+ 30. Kc1 Bc3 31. Re3 Ra1+ 32. Nb1 d2+ 33. Kc2 d1=Q+ 34. Kxd1 Rxb1+ 35. Kc2 Rg1 36. Rxc3 Be4+ 37. Kd2 Bxf5 38. b4 cxb4 39. Rb3 Rg2+ 40. Ke3 Rxg3+ 41. Kd4 Rxb3 42. c5 Rc3 43. Kd5 Kf8 44. c6 Ke7 45. Ke5 Be6 46. Kd4 Rxc6 47. h5 Kd6 48. Ke3 Rc4 49. Kf3 Ke5 50. Kg3 b3 51. Kf3 b2 52. Ke3 Rc3+ 53. Kd2 Kd4 54. Ke2 b1=Q 55. Kd2 Qb2+ 56. Kd1 Rc1# 0-1

[Event "1st FIDE OWCCCC Pools-East 2021"]
[Site "Online"]
[Date "2021.02.19"]
[Round "3.73"]
[White "Shahriari, Navid"]
[Black "Husain, S Mazhar"]
[Result "0-1"]
[WhiteElo "688"]
[BlackElo "2250"]
[Annotator "TA"]
[PlyCount "108"]
[EventDate "2021.02.19"]
[EventType "team-tourn"]
[EventCountry "NET"]
[SourceTitle "playchess.com"]
[Source "ChessBase"]
[SourceQuality "1"]

1. e4 e5 2. c3 Nf6 3. d4 exd4 4. cxd4 Nxe4 5. g3 d5 6. Nf3 Nc6 7. Nc3 Nf6 8. Nxd5 Nxd5 9. Bc4 Be6 10. O-O h6 11. Re1 Be7 12. Ne5 Nxe5 13. dxe5 Nb4 14. a3 Qxd1 15. Rxd1 Nc2 16. Ra2 Bxc4 17. b3 Bxb3 18. Rb2 Nxa3 19. Rbd2 Bxd1 20. Rxd1 Rd8 21. Re1 O-O 22. f4 Bc5+ 23. Kf1 Nc2 24. Re2 Nd4 25. Re3 Nf5 26. Rc3 Bb4 27. Rxc7 Rd1+ 28. Ke2 Rfd8 29. g4 Nh4 30. Be3 R1d7 31. Rc4 Bd2 32. Bxa7 b5 33. Rc5 Rxa7 34. Rxb5 Ra3 35. Rb2 Ba5 36. f5 Rd2+ 37. Rxd2 Bxd2 38. Kxd2 f6 39. e6 Kf8 40. Ke2 Ng2 41. Kf2 Nf4 42. g5 hxg5 43. h3 Nxh3+ 44. Kg2 Nf4+ 45. Kf2 Nxe6 46. Kg2 Nd4 47. Kf2 Nxf5 48. Kg2 Ke7 49. Kf2 Ke6 50. Ke2 Ke5 51. Kf2 Ke4 52. Ke2 Ra2+ 53. Kf1 Ke3 54. Ke1 Ra1# 0-1

[Event "1st FIDE OWCCCC Pools-East 2021"]
[Site "Online"]
[Date "2021.02.19"]
[Round "3.73"]
[White "Torrado, Aythami"]
[Black "Serikawa, Janaina"]
[Result "0-1"]
[WhiteElo "499"]
[BlackElo "520"]
[Annotator "NA RC"]
[PlyCount "48"]
[EventDate "2021.02.19"]
[EventType "team-tourn"]
[EventCountry "NET"]
[SourceTitle "playchess.com"]
[Source "ChessBase"]
[SourceQuality "1"]

1. e4 e5 2. Bc4 Nf6 3. Nc3 d5 4. Nxd5 Bg4 5. f3 Be6 6. Nxf6+ Ke7 7. Bxe6 Kxe6 8. Ng4 Bb4 9. c3 Bc5 10. d4 Bd6 11. dxe5 Bxe5 12. Qe2 Nc6 13. Nxe5 Nxe5 14. f4 Nd3+ 15. Qxd3 Qxd3 16. g3 Qxe4+ 17. Ne2 h5 18. Rf1 c5 19. f5+ Ke5 20. h3 g6 21. fxg6 fxg6 22. g4 Kd6 23. a3 Rae8 24. b4 Qxe2# 0-1

[Event "1st FIDE OWCCCC Pools-East 2021"]
[Site "Online"]
[Date "2021.02.19"]
[Round "3.74"]
[White "gsabu"]
[Black "Coronel, Eddymar"]
[Result "1-0"]
[WhiteElo "1771"]
[BlackElo "1286"]
[Annotator "NA RC"]
[PlyCount "57"]
[EventDate "2021.02.19"]
[EventType "team-tourn"]
[EventCountry "NET"]
[SourceTitle "playchess.com"]
[Source "ChessBase"]
[SourceQuality "1"]

1. e4 e5 2. Nf3 Nc6 3. Bc4 h6 4. d3 Be7 5. Nc3 d6 6. Nd5 Nf6 7. Nxe7 Nxe7 8. c3 O-O 9. Be3 Ng4 10. Qd2 Nc6 11. h3 Nxe3 12. fxe3 Na5 13. Bb3 c5 14. Bc2 b5 15. d4 Qf6 16. O-O Qg6 17. Kh2 Nc4 18. Qc1 h5 19. b3 Nb6 20. dxc5 dxc5 21. Nxe5 Qd6 22. Kh1 Qxe5 23. Qd2 c4 24. Rf4 Be6 25. Raf1 Rad8 26. Qe1 g5 27. R4f3 g4 28. hxg4 Bxg4 29. Rf4 1-0

[Event "1st FIDE OWCCCC Pools-East 2021"]
[Site "Online"]
[Date "2021.02.19"]
[Round "3.74"]
[White "Ponnusamy, Kowsik"]
[Black "Sanjay Ram J"]
[Result "1-0"]
[WhiteElo "1528"]
[BlackElo "1149"]
[Annotator "NA RC"]
[PlyCount "55"]
[EventDate "2021.02.19"]
[EventType "team-tourn"]
[EventCountry "NET"]
[SourceTitle "playchess.com"]
[Source "ChessBase"]
[SourceQuality "1"]

1. e4 Nf6 2. e5 Nd5 3. d4 d6 4. c4 Nb6 5. f4 dxe5 6. fxe5 e6 7. Nc3 Bb4 8. Nf3 O-O 9. a3 Bxc3+ 10. bxc3 h6 11. Bd3 f6 12. exf6 Qxf6 13. O-O Nc6 14. a4 e5 15. Nxe5 Qe6 16. Rxf8+ Kxf8 17. Qf3+ Qf6 18. Ng6+ Kf7 19. Qh5 Kg8 20. Be3 Ne7 21. Rf1 Nxg6 22. Rxf6 gxf6 23. Qxg6+ Kf8 24. Bxh6+ Ke7 25. Bg7 Kd7 26. Qxf6 Ke8 27. Bf8 Nd7 28. Qe7# 1-0

[Event "1st FIDE OWCCCC Pools-East 2021"]
[Site "Online"]
[Date "2021.02.19"]
[Round "3.74"]
[White "Gomes, Ricardo Jorge Pires"]
[Black "Florez Rodriguez, Diego"]
[Result "1-0"]
[WhiteElo "1423"]
[BlackElo "2110"]
[Annotator "TA"]
[PlyCount "71"]
[EventDate "2021.02.19"]
[EventType "team-tourn"]
[EventCountry "NET"]
[SourceTitle "playchess.com"]
[Source "ChessBase"]
[SourceQuality "1"]

1. e4 c6 2. b3 Nf6 3. d3 d5 4. Nd2 a5 5. Bb2 e5 6. Bxe5 Nfd7 7. Bb2 f5 8. exf5 Ne5 9. Qe2 Bd6 10. d4 Qg5 11. dxe5 Bf8 12. f6 Bf5 13. O-O-O Kd8 14. Ngf3 Qh5 15. h3 Bc8 16. g4 Qf7 17. Ng5 Qd7 18. e6 Qc7 19. Nf7+ Ke8 20. Nxh8 Qd6 21. f7+ Kd8 22. Re1 Qb4 23. e7+ Bxe7 24. a3 Qd6 25. Bxg7 a4 26. Bb2 axb3 27. Nxb3 Rxa3 28. Bxa3 Qxa3+ 29. Kd2 Bg5+ 30. Kd3 Qa5 31. f8=Q+ Kd7 32. Nc5+ Kc7 33. Qf7+ Kb6 34. Rb1+ Kxc5 35. Qf8+ Be7 36. Qfxe7# 1-0

[Event "1st FIDE OWCCCC Pools-East 2021"]
[Site "Online"]
[Date "2021.02.19"]
[Round "3.74"]
[White "Alrowaiei, Jasim"]
[Black "Fedjajevs, Andrejs"]
[Result "1-0"]
[WhiteElo "1106"]
[BlackElo "856"]
[Annotator "NA RC"]
[PlyCount "49"]
[EventDate "2021.02.19"]
[EventType "team-tourn"]
[EventCountry "NET"]
[SourceTitle "playchess.com"]
[Source "ChessBase"]
[SourceQuality "1"]

1. e4 e5 2. Nf3 Nc6 3. Bc4 f6 4. c3 a6 5. d4 b5 6. Bb3 d6 7. d5 Na5 8. Bd2 Be7 9. c4 bxc4 10. Bxa5 cxb3 11. Qxb3 Bd7 12. Qc3 Ra7 13. O-O Qb8 14. Nbd2 f5 15. Rac1 Bd8 16. b3 fxe4 17. Nxe4 h6 18. h3 Bf5 19. Nfd2 g5 20. Qf3 Ne7 21. Nf6+ Kf7 22. Nh5 Kg6 23. Ne4 Nxd5 24. Neg3 Nb4 25. Qxf5# 1-0

[Event "1st FIDE OWCCCC Pools-East 2021"]
[Site "Online"]
[Date "2021.02.19"]
[Round "3.74"]
[White "Milanov, Rustam"]
[Black "Jean-Theodore, Axel"]
[Result "0-1"]
[WhiteElo "438"]
[BlackElo "610"]
[Annotator "NA RC"]
[PlyCount "32"]
[EventDate "2021.02.19"]
[EventType "team-tourn"]
[EventCountry "NET"]
[SourceTitle "playchess.com"]
[Source "ChessBase"]
[SourceQuality "1"]

1. Nf3 Nf6 2. c4 e6 3. b3 Bb4 4. a3 Bc5 5. b4 Be7 6. c5 Nc6 7. d4 d5 8. b5 Na5 9. Bd2 c6 10. bxc6 bxc6 11. e3 Ne4 12. Qa4 Bd7 13. Bxa5 Qb8 14. Ne5 Qb7 15. Nc3 Qb2 16. Rb1 Qd2# 0-1